1364 1050 1603 1024 1981 1030 1701 1270 1657 1570 1980 1002 1658 1024 1545 1536 1983 1373 1141 1008 1603 1917 1890 1630 1963 1096 1562 1485 1537 1425 1448 1991 1548 1014 1762 1811 1063 1669 1913 1499 1500 1818 1694 1281 1812 1313 1668 1689 1668 1904 1727 1794 1441 1744 1762 1229 1838 1323 1349 1763 1311 1419 1379 1193 1812 1476 1812 1329 1732 1607 1314 1756 1883 1684 1683 1391 1522 1973 1919 1948 1263 1268 1693 1328 1669 1920 1771 1135 1754 1885 1265 1430 1085 1688 1568 1734 1058 1906 1598 BCNSPRNW ULIB Ver.6.0+V

เปลี่ยนเป็นภาษาไทย

Change to English
 แสดงรายละเอียดบรรณานุกรม
  กลับหน้าหลัก

Brief Record : Get Marc (ISO 2709) : E-mail record : QR code < ปิดหน้าต่าง
LEADER : 00000nam 2200000uu 4500
001    13399123671
003     ULIB
008    141104s2557||||th 000 0 tha d
020    9786161122027
060  0 ^aWY106^bส691
100 0  ศิริมา ลัละวงศ์ และคนอื่นๆ
245    ^aหลักสูตรการพัฒนาสมรรถนะพยาบาลผู้จัดการสุขภาพชุมชน/^cศิริมา ลัละวงศ์ และคนอื่นๆ บรรณาธิการโดย กาญจนา จันทร์ไทย
260    ^aกรุงเทพ:^bห้างหุ้นส่วนจำกัดเทพเพ็ญวานิสย์, ^c2557
300    ^a136 หน้า
650  7 ^aพยาบาลผู้จัดการสุขภาพชุมชน
650  7 การส่งเสริมสุขภาพ
710 1  สำนักการพยาบาล สำนักงานปลัดกระทรวงสาธารณสุข
710 1  สำนักงานกองทุนสนับสนุนหารสร้างเสริมสุขภาพ
945    ^p0^l0^i036682
945    ^p0^l0^i036683
999    ^aเกษร โพธิ์สุวรรณ
รายการนี้ยังไม่มีแท็ก
คุณยังไม่ได้ล็อกอิน คุณสามารถมีกิจกรรมร่วมกับเว็บไซต์ได้ แต่ต้องล็อกอินก่อน ::
  ล็อกอิน

รายการสื่อสารสนเทศ

ลำดับที่ ประเภท เลขเรียก/บาร์โค้ด สถานที่ สถานะ
1. Book การพยาบาล
Book การพยาบาล
สถานะ=หนังสือเก่า
WY106 ส691 ฉ.1 
  Barcode: 036682
ห้องสมุดวิทยาเขตสวรรค์ประชารักษ์
►ส่วนจัดเก็บหนังสือเก่า สปร
บนชั้น
  ขอยืม
2. Book การพยาบาล
Book การพยาบาล
สถานะ=หนังสือเก่า
WY106 ส691 ฉ.2 
  Barcode: 036683
ห้องสมุดวิทยาเขตสวรรค์ประชารักษ์
►ส่วนจัดเก็บหนังสือเก่า สปร
บนชั้น
  ขอยืม

รายการใกล้เคียง
    หัวเรื่อง [พยาบาลผู้จัดการสุขภาพชุมชน]
    หัวเรื่อง [การส่งเสริมสุขภาพ]

BibComment


ยังไม่เคยถูกคอมเมนท์

คอมเมนท์ทรัพยากรรายการนี้
  คอมเมนท์: หลักสูตรการพัฒนา..


 Copyright 2026. Bcnsprnw @Library